| 000 | 01180cam a22003374a 4500 | ||
|---|---|---|---|
| 001 | 15974748 | ||
| 005 | 20171224154412.0 | ||
| 008 | 091105s2010 enka b 001 0 eng | ||
| 010 | _a 2009046938 | ||
| 020 | _a0754678148 | ||
| 020 | _a9780754678144 | ||
| 040 |
_aDLC _cDLC _dDLC |
||
| 050 | 0 | 0 |
_aG71.5 _b.C34 2010 |
| 082 | 0 | 0 |
_a304.23 _222 _bCAS |
| 100 | 1 |
_aCastello, Lineu. _924251 |
|
| 245 | 1 | 0 |
_aRethinking the Meaning of Place : _bConceiving Place in Architecture-Urbanism / _cby Lineu Castello; Translated by Nick Rands |
| 260 |
_aFarnham, Surrey, England ; _bAshgate Pub. Company, 2010 _cc2010. |
||
| 300 |
_axx, 256 p. : _bill. ; _c24 cm. |
||
| 504 | _aIncludes bibliographical references and index. | ||
| 650 | 0 |
_aGeographical perception. _924252 |
|
| 650 | 0 |
_aCity planning. _924255 |
|
| 650 | 0 |
_aPublic architecture. _924256 |
|
| 650 | 0 |
_aPublic spaces. _924257 |
|
| 650 | 0 |
_aPlace (Philosophy) _924258 |
|
| 653 |
_bPol _cMay2011 |
||
| 650 | 0 |
_924254 _aUrban geography |
|
| 650 | 0 |
_924253 _aHuman geography |
|
| 700 |
_924250 _aRands, Nick _etrl |
||
| 942 |
_2ddc _cBB |
||
| 999 |
_c15434 _d15434 |
||